000 00285nam a22001217a 4500
008 180803b xxu||||| |||| 00| 0 eng d
082 _a813.52
245 _aPeachtree complete accounting
_cPEARSON
260 _c2004
300 _a1
_f CD
440 _x9780131497931
942 _2ddc
_cMX
999 _c46774
_d46774